000
00296nam a2200121Ia 4500
008
190216s9999||||xx |||||||||||||| ||und||
100
_a
Acharya Ashok Sahachanand
245
0
_a
Hindi-Swaryoga Yek Divya Sadhana
260
_b
Reserve Books
_c
2010
300
_a
118
650
_a
Hindi
942
_c
BK
999
_c
16752
_d
16752